[Event "Barcelona Ateneu Colon op 4th"]
[Site "Barcelona"]
[Date "2009.04.21"]
[Round "1"]
[White "Sanchez Criado, Lluis"]
[Black "De La Cruz Lopez, Daniel"]
[Result "1-0"]
[WhiteElo "2183"]
[BlackElo "1817"]
[PlyCount "79"]
[EventDate "2009.04.21"]
[EventType "swiss"]
[EventRounds "9"]
[EventCountry "ESP"]
[SourceTitle "EXT 2011"]
[Source "ChessBase"]
[SourceDate "2010.11.26"]
[SourceVersion "1"]
[SourceVersionDate "2010.11.26"]
[SourceQuality "1"]

1. d4 d5 2. c4 e6 3. Nc3 Nf6 4. cxd5 exd5 5. Bg5 Be7 6. e3 0-0 7. Qc2 Bg4 8. Bd3 Nbd7 9. Nge2 c6 10. 0-0 h6 11. Bh4 Ne8 12. Bg3 Ndf6 13. f3 Bc8 14. e4 dxe4 15. fxe4 Nc7 16. h3 Be6 17. Rad1 Qd7 18. Kh2 Nh5 19. Bf2 Kh8 20. b3 f6 21. Bc4 Rad8 22. Ng3 Qe8 23. Qe2 Nf4 24. Qf3 b5 25. Bxe6 Nfxe6 26. Nf5 Bb4 27. Ne2 Ng5 28. Qg4 Qxe4 29. Nf4 Bd6 30. Nxd6 Rxd6 31. Bg3 f5 32. Qh5 Kh7 33. Rfe1 Qc2 34. Rc1 Qxa2 35. Re7 Nce6 36. Qg6+ Kg8 37. Nxe6 Nxe6 38. Bxd6 Qxb3 39. Qxe6+ Qxe6 40. Rxe6 1-0